| 000 | 00467nam a2200193Ia 4500 | ||
|---|---|---|---|
| 005 | 20250425161243.0 | ||
| 008 | 250425s9999 xx 000 0 und d | ||
| 020 | _a070579059 | ||
| 041 | _aeng | ||
| 082 | _a621.3848 | ||
| 100 | _aSKOLNIK, MERRILL I. | ||
| 245 | 0 | _aINTRODUCTION TO RADAR SYSTEMS | |
| 250 | _a1ST ED. | ||
| 260 |
_aEstados Unidos _bMCGRAW - HILL BOOK COMPANY _c1962 |
||
| 260 | _aNEW YORK | ||
| 300 | _a641 | ||
| 942 | _c01 | ||
| 010 | _a16203 | ||
| 999 |
_c205520 _d205520 |
||